| 000 | 00596nam a22001937a 4500 | ||
|---|---|---|---|
| 005 | 20130612114849.0 | ||
| 010 | _aENG-107585 | ||
| 020 |
_a9788132110347 _c650.00 |
||
| 035 | _aEN-91118 | ||
| 037 | _bDBAD/PUB | ||
| 100 | _aNelson-Jones, Richard | ||
| 245 |
_aTheory and practice of counselling and therapy / _c by Richard Nelson - Jones |
||
| 250 | _a5th edition | ||
| 260 |
_aNew Delhi _bSage Publications _c2011 |
||
| 270 |
_aB1/I-1 Mohan Cooperative Industrial Area Mathura Road _bNew Delhi _e110044 |
||
| 300 |
_aix,502p. _c23cm(pbk) |
||
| 500 | _aIncludes index | ||
| 942 |
_2ddc _cEN _mNEL |
||
| 999 |
_c76598 _d76598 |
||